000 01529njm a22003377a 4500
005 20100915123055.0
006 a|||||r|||||00| 0
007 sd ammalaaahaa
008 100901t xxu||||| |||| 00| 0 eng d
028 _aEMOEC. 2131
_bODEON
035 _aGR-02634
040 _aSED
_cSED
100 _aShamshad Begum
_917891
245 _aHoli aai re /
_cby Shamshad Begum, Lata Mangeshkar and Chorus; lyric by Shakeel Badayuni [and] Anjaan; music by Naushad [and] Ravi Shankar
_h[Sound recording]
246 _aहोली आई रे / शमशाद बेगम द्वारा
260 _aDum Dum, India
_bODEON
_c1971
300 _a1 Sound disc [Gramophone Recording] :
_banalog, 45 rpm
_c7 in. (SP)
_fGramophone Record
500 _aBrief record
500 _aRecord Labels : ODEON, Black
505 _aSide-1 खेलो रंग हमारे संग-आन (Khelo rang hamare sang-aan) (Shamshad Begum, Lata Mangeshkar and Chorus) --Side-2 तन रंग लो जी आज-कोहिनूर (Tan rang lo ji aaj) (Mohammad Rafi, Lata Mangeshkar and Chorus)
600 _aShamshad Begum
_919718
650 _aFilm songs
_xExcerpts
_zIndia
_917892
650 _aHoli songs
_920160
700 _aMangeshkar, Lata
_920083
700 _aShakeel Badayuni
_920161
700 _aAnjaan
_920162
700 _aNaushad
_920084
700 _aRavi Shankar
_920163
942 _2ddc
_cGR
999 _c45912
_d45912